01729cam a22004097a 4500003000500000005001700005008004100022010001000063011001000073035001000083040000900093090001000102100004000112245016000152260004100312300003000353502012400383590003700507590004100544590004100585590004100626590004100667590004200708650001700750650003200767650003200799650003600831700004200867901000700909905001300916942000900929949005500938949004200993999001701035952014001052952012701192CHAP20220329142421.0010109d2000 mx r 00110 spa d a83148 a84120 a94639 cCHAP aTesis00aAlvarez Velázquez, Claudia.9499310aFormulación y evaluación de un proyecto apícola - Mpio. Juan Rodríguez Clara, Ver.c/por Alvarez Velázquez Claudia y Sulvarán Márquez Ismael. aChapingo, Méx. :bEl autor,c2000. a124h. :bcuads.; gráfs. aTesis (Lic. en Administración de Empresas Agropecuarias) -- UACH. División de Ciencias Econónico Administrativas. aALEPHb10c20130110lUCH01h1440 aBATCH-UPDb10c20130110lUCH01h0632 aBATCH-UPDb10c20130410lUCH01h0316 aBATCH-UPDb10c20130913lUCH01h1816 aBATCH-UPDb10c20130914lUCH01h0258 aCONVERSIONb10c20130109lUCH01h134614aAbejas.918214aApiculturaxVeracruz.9628214aProyectosxDiseño.99252414aProyectosxEvaluación.9925250 aSulvarán Márquez, Ismael.9110635 aBK aEdna Luz cFOLL bBCcTESd33724000808366eTS2fc.2h37662i94639si bBCcTESd946391eTS1h37661i94639sb c83148d83148 00102local4053708TESISaBCbBCcPA_TESISd2019-12-31fTESISl0oTesisp33724000808366r2019-12-31 00:00:00tc.2w2019-12-31yTESIS 00102local4051708TESISaBCbBCcPA_TESISd2019-12-31fTESISl0oTesisp946391r2019-12-31 00:00:00w2019-12-31yTESIS